000 00263nam a22001217a 4500
008 180222b xxu||||| |||| 00| 0 eng d
041 _aeng
080 _a615
100 _a5
101 _afar
245 _aphysicianc desk reference
_clevin.l
942 _2udc
_cBK
999 _c43220
_d43220